00781nam a22001937a 4500999001900000005001700019010001500036020002600051035001400077037001300091082001100104245014800115260003400263270009900297300002100396700002600417942002500443952011900468 c187143d18714320220404145345.0 aENG-132220 a9789292209123c899.00 aEN-115752 bDBAD/PUB a954.09 aWar Despatches 1971:bFrom Young Army, Navy and Air Force Officer Commisioned For Combat (along with the June '66 Batch)/cEdited by B.S. Mehta aNoidabBluOne India LLPc2022 a306, Tower-I, Assotech Busness Cresterra, Plot No. 22, Sector 135bNoidampublisher@bluone.ink a368p.c24cm(hbk) aEDited by Mehta, B.S. 2ddccENmMEHh954.09 001040708NFICaLbLd2022-04-04eDBAD/PUBg899.00l0o954.09 MEHpEN-115752r2022-04-04 00:00:00t1v899.00yEN